Most Titles Won By Team in North American Sports - Statistics

General Stats
  • This quiz has been taken 25 times
  • The average score is 14 of 17
Answer Stats
League Championships Answer % Correct
NBA 18 Boston Celtics
95%
NBA 17 Los Angeles Lakers
95%
NFL 6 New England Patriots
95%
MLB 27 New York Yankees
95%
NFL 6 Pittsburgh Steelers
95%
MLB 9 Boston Red Sox
90%
MLB 9 Los Angeles Dodgers
90%
NBA 6 Chicago Bulls
86%
MLB 9 Oakland Athletics
86%
NHL 13 Toronto Maple Leafs
86%
NHL 6 Boston Bruins
81%
NBA 7 Golden State Warriors
81%
NHL 23 Montreal Canadiens
81%
NHL 11 Detroit Red Wings
76%
NHL 6 Chicago Blackhawks
67%
MLB 8 San Francisco Giants
67%
MLB 11 St. Louis Cardinals
67%
No matching quizzes found
Score Distribution
Percent of People with Each Score
Percentile by Number Answered
Your Score History
You have not taken this quiz